ONEUS Alphabet Song - Statistics

General Stats
  • This quiz has been taken 2 times
  • The average score is 8 of 24
Answer Stats
Hint Answer % Correct
B Bbusyeo / Bring it on / Black mirror / Bingbin / Blue sk / Beggin’ you / Baila conmigo / Bad
100%
E Eye contact / Eden / English girl / Erase me / Echo / Epilogue
100%
N No diggity / Now
100%
S Shut up / Skydivin’ / Same scent / Stupid love / Stand by / Stay / Simulation / Stop & move
100%
A A song written easily / A thousand stars / Airplane
50%
G Gravitation / Grenade
50%
I Incomplete / Ipu / Ikuk / In my arms
50%
L Light us / Leftover / Lion heart / Luna / Life is beautiful / Leader / Lit / Last song / Level up / Lost / Lived / Lethe / Love me or loser
50%
O Only one
50%
T To be or not to be / Twilight / Time / Time Machine
50%
V Valkyrie
50%
X X
50%
C Crazy & crazy / Connect with us / Come back home
0%
D Devil is in the detail / Dopamine / Don’t know why / Devilish love / Dead or alive / Dizzy
0%
F Firebomb / Fragile / Full moon / Fly me to the moon / Fly to you
0%
H Hero / Hide and seek / Happy birthday / Halley’s Comet
0%
K Katoki
0%
M Mr Wolf / Mermaid / Ma boy
0%
P Plastic flower / Polarity
0%
R Red thread / Rewind / Rupert’s drop / Reload
0%
U Unforgettable
0%
W What you doing / Window / We’re in love / Who you are / Who got the joker / We are young / W / White night / When you’re close to me
0%
Y Youth / Yes or no
0%
Z Zigzag
0%
No matching quizzes found
Score Distribution
Percent of People with Each Score
Percentile by Number Answered
Your Score History
You have not taken this quiz